Responses for Show #3893 - Wednesday, July 4, 2001

Contestants

[<< previous game]

Raymon Colbert, a production artist from Tarzana, California

Ellen Carson, an attorney and physician from Brooklyn, New York

Sharon Rozines, a solutions support engineer from Natick, Massachusetts

[next game >>]

Jeopardy! Round responses

I'LL TAKE MANHATTAN
IT'S THE LAW
PRESIDENTIAL LIFE SPANS
PUBLISHERS
RECENT FILMS
WORD PUZZLES
    $100 14
Times Square

Ellen
    $100 8
California

Sharon
    $100 27
[The end-of-round signal sounds.]

John F. Kennedy

Sharon
    $100 21
(Henry) Luce

Sharon
    $100 1
102 Dalmatians

Raymon
    $100 6
one in a million

Raymon
    $200 15
the Statue of Liberty

Raymon
    $200 9
Connecticut

Ellen
    $200 22
(Alex: And we have a minute to go.)

Helen Gurley Brown

Raymon
    $200 2
The X-Men

Ellen
    $200 7
three degrees below zero

Ellen
    $300 18
the Metropolitan

Sharon
    $300 10
(Sharon: What is Wisconsin?)

Oklahoma

SharonRaymon
    $300 26
Lincoln

Ellen
    $300 23
(Ellen: [No response])

Rand McNally

Ellen
Triple Stumper
    $300 3
The Flintstones

Sharon
    $300 13
(Sharon: What is, um...)

up in the air

SharonEllen
    $400 19
Robert De Niro

Ellen
    $400 11
Louisiana

Triple Stumper
    $800 24
(Raymon: Who is Carly Simon?)
(Alex: No. Carly Simon was married to [*]. Carly is his daughter, hence he is the father-in-law of [*]. Be careful. Don't speak up too quickly.)

James Taylor

Raymon
    $400 4
Finding Forrester

Raymon
    $400 16
somewhere over the rainbow

Sharon
    $500 20
F. Scott Fitzgerald

Sharon
    $500 12
(Alex: You think they might get rid of some of these laws?)

Delaware

Sharon
    $500 25
(William Randolph) Hearst

Sharon
    $500 5
John Forsythe

Sharon
    $500 17
(Alex: Don't ask, don't ask, don't even think... boxers!)

polka dot(ted) underwear

Sharon

Scores at the first commercial break (after clue 15):

Sharon Ellen Raymon
$800 $1,000 $1,100

Scores at the end of the Jeopardy! Round:

Sharon Ellen Raymon
$3,200 $1,400 $500

Double Jeopardy! Round responses

THE 4th
PICK "NIC"
THE FLAG
READ
BETTY WHITE
BLUE
    $200 26
(Ellen: What is Wisconsin?)

Arkansas

EllenRaymon
    $200 21
The nickel

Sharon
    $200 16
the swan

Raymon
    $200 2
Dune

Ellen
    $200 1
As Good As it Gets

Sharon
    $200 11
Blue Cross & Blue Shield

Ellen
    $400 22
Nick at Nite

Sharon
    $400 17
3

Sharon
    $400 3
Beatrice

Sharon
    $400 7
(Raymon: Who was Steve Allen?)
(Sharon: Who was Allen Ludden?)

Jack Paar

SharonEllenRaymon
    $400 12
"One Fish, Two Fish, Red Fish, Blue Fish"

Ellen
    $600 23
Niccolo

Raymon
    $600 18
(Sharon: What is Latvia?)

Estonia

Sharon
Triple Stumper
    $600 4
(Raymon: What is a day short?)

A Dollar Short

EllenRaymon
    $600 8
Mama's Family

Raymon
    $600 13
Blue whale

Sharon
    $3,000 28
(Sharon: Who is George VI?)
(Alex: No. George VI died much earlier, earlier than his brother, [*].)
[The end-of-round signal sounds.]

Edward VIII

Sharon
    $600 24
(Raymon: I don't know.)
(Alex: It's [*]. Did you forget the category?)
(Raymon: Cyprus. Yeah.)
(Alex: Yeah. On Cyprus. Less than a minute to go now.)

Nicosia

Raymon
    $800 19
(Raymon: What is North Carolina?)

Georgia

SharonRaymon
    $800 5
(James) Dickey

Ellen
    $800 9
"The Happy Homemaker"

Ellen
    $800 14
Vida Blue

Raymon
    $1000 27
Pavlov

Sharon
    $1000 25
Nicodemus

Ellen
    $1000 20
Ireland

Sharon
    $1000 6
John Gregory Dunne

Triple Stumper
    $1000 10
(Alex: The show was called Just [*]!.)

Men

Triple Stumper
    $1000 15
Blue Nile

Sharon

Scores at the end of the Double Jeopardy! Round:

Sharon Ellen Raymon
$5,200 $5,600 $500

[wagering suggestions for these scores]

Final Jeopardy! Round responses

AMERICAN PLAYWRIGHTS
RaymonWho is O'Neill?
$100
SharonWho is O'Neill?
$398
EllenWho was Eugene O'Neill?
$2,000
Eugene O'Neill

Final scores:

Sharon Ellen Raymon
$5,598 $7,600 $600
2nd place: a trip to Beaches Resort, Negril, Jamaica New champion: $7,600 3rd place: a Meade ETX90 telescope

Game dynamics:

Coryat scores:

Sharon Ellen Raymon
$8,200 $5,600 $1,900
21 R,
5 W
(including 1 DD)
15 R,
2 W
11 R,
5 W
(including 2 DDs)

Combined Coryat: $15,700

[game clues] [game scores] [suggest correction]

Game tape date: 2001-03-07
The J! Archive is created by fans, for fans. Scraping, republication, monetization, and malicious use prohibited; this site may use cookies and collect identifying information. See terms. The Jeopardy! game show and all elements thereof, including but not limited to copyright and trademark thereto, are the property of Jeopardy Productions, Inc. and are protected under law. This website is not affiliated with, sponsored by, or operated by Jeopardy Productions, Inc. Join the discussion at JBoard.tv.